| 000 | 00798nam a22002657a 4500 | ||
|---|---|---|---|
| 001 | BR9210972 | ||
| 003 | BR-BrBNA | ||
| 005 | 20230928093737.0 | ||
| 007 | ta | ||
| 008 | 230509b bl.||||| |||| 00| 0 por d | ||
| 040 |
_aBR-BrBNA _bpor _cBiblioteca Nacional de Agricultura |
||
| 041 | _a(Por) | ||
| 072 |
_aE14 _b/G514 |
||
| 090 | _ E14 BR9210972 | ||
| 100 | 1 | _aLeite, P.S. (coord.) | |
| 110 | 1 | _aBanco do Nordeste do Brasil S.A., Fortaleza, CE (Brasil) | |
| 245 | 1 | _aSubdesenvolvimento e desenvolvimento rural do nordeste | |
| 260 | 3 |
_aFortaleza, CE (Brasil): _c1983. |
|
| 300 | _a231 p. | ||
| 500 | _aSummary (Por); Bibliography p. 227-231 (79 ref.); 5 tables | ||
| 650 | _aDesenvolvimento Rural | ||
| 650 | _aRegiao Nordeste | ||
| 909 |
_a202309 _bLucia _c55 _dLucia Elande |
||
| 942 | _cBK | ||
| 999 |
_c46839 _d46839 |
||